[Event "Irena Warakomska Memorial B"]
[Site "Suwalki"]
[Date "2020.08.08"]
[Round "4"]
[White "Gladyszewski, Adam"]
[Black "Szczepanska, Jagoda"]
[Result "1-0"]
[Board "31"]
[WhiteElo "1174"]
[WhiteCountry "POL"]
[WhiteFideId "21856788"]
[WhiteEloChange "6"]
[BlackElo "1015"]
[BlackCountry "POL"]
[BlackFideId "21030154"]
[BlackEloChange "-6"]

1. d4 {[%clk 1:30:30]} Nf6 {[%clk 1:30:30]} 2. c4 {[%clk 1:30:30]} g6 {[%clk
1:30:30]} 3. Nc3 {[%clk 1:30:30]} Bg7 {[%clk 1:30:30]} 4. Bf4 {[%clk 1:30:30]} d6
{[%clk 1:30:30]} 5. e3 {[%clk 1:30:30]} O-O {[%clk 1:30:30]} 6. Nf3 {[%clk
1:30:30]} Bf5 {[%clk 1:30:30]} 7. Be2 {[%clk 1:30:30]} Re8 {[%clk 1:30:30]} 8.
O-O {[%clk 1:30:30]} Nbd7 {[%clk 1:30:30]} 9. h3 {[%clk 1:30:30]} Nf8 {[%clk
1:30:30]} 10. a3 {[%clk 1:30:30]} b6 {[%clk 1:30:30]} 11. Nh4 {[%clk 1:30:30]}
Bc8 {[%clk 1:30:30]} 12. Bf3 {[%clk 1:30:30]} Rb8 {[%clk 1:30:30]} 13. b4 {[%clk
1:30:30]} Bb7 {[%clk 1:30:30]} 14. Rc1 {[%clk 1:30:30]} N8d7 {[%clk 1:30:30]} 15.
Qa4 {[%clk 1:30:30]} Bxf3 {[%clk 1:30:30]} 16. Nxf3 {[%clk 1:30:30]} Ra8 {[%clk
1:30:30]} 17. Qc6 {[%clk 1:30:30]} Nh5 {[%clk 1:30:30]} 18. Bh2 {[%clk 1:30:30]}
e5 {[%clk 1:30:30]} 19. Nd5 {[%clk 1:30:30]} exd4 {[%clk 1:30:30]} 20. exd4
{[%clk 1:30:30]} Rc8 {[%clk 1:30:30]} 21. Rfe1 {[%clk 1:30:30]} Nhf6 {[%clk
1:30:30]} 22. Rxe8+ {[%clk 1:30:30]} Nxe8 {[%clk 1:30:30]} 23. Re1 {[%clk
1:30:30]} Ndf6 {[%clk 1:30:30]} 24. Ne7+ {[%clk 1:30:30]} Kf8 {[%clk 1:30:30]}
25. Nxc8 {[%clk 1:30:30]} Qxc8 {[%clk 1:30:30]} 26. c5 {[%clk 1:30:30]} dxc5
{[%clk 1:30:30]} 27. dxc5 {[%clk 1:30:30]} Bh6 {[%clk 1:30:30]} 28. cxb6 {[%clk
1:30:30]} axb6 {[%clk 1:30:30]} 29. Qc3 {[%clk 1:30:30]} Qd7 {[%clk 1:30:30]} 30.
Bg3 {[%clk 1:30:30]} Bg7 {[%clk 1:30:30]} 31. Qc4 {[%clk 1:30:30]} Nd6 {[%clk
1:30:30]} 32. Qc2 {[%clk 1:30:30]} Qd8 {[%clk 1:30:30]} 33. Rc1 {[%clk 1:30:30]}
Nfe8 {[%clk 1:30:30]} 34. Rd1 {[%clk 1:30:30]} Qc8 {[%clk 1:30:30]} 35. Bxd6+
{[%clk 1:30:30]} Nxd6 {[%clk 1:30:30]} 36. Rxd6 {[%clk 1:30:30]} Qe8 {[%clk
1:30:30]} 37. Rc6 {[%clk 1:30:30]} Qd7 {[%clk 1:30:30]} 38. Rxc7 {[%clk 1:30:30]}
Qe6 {[%clk 1:30:30]} 39. Rc8+ {[%clk 1:30:30]} Ke7 {[%clk 1:30:30]} 40. Qc6
{[%clk 1:30:30]} Qxc6 {[%clk 1:30:30]} 41. Rxc6 {[%clk 1:30:30]} Kd7 {[%clk
1:30:30]} 42. Rxb6 {[%clk 1:30:30]} Kc7 {[%clk 1:30:30]} 43. Rb5 {[%clk 1:30:30]}
1-0

[Event "Irena Warakomska Memorial B"]
[Site "Suwalki"]
[Date "2020.08.08"]
[Round "4"]
[White "Zalega, Joanna"]
[Black "Borowik, Grzegorz"]
[Result "0-1"]
[Board "32"]
[WhiteElo "1072"]
[WhiteCountry "POL"]
[WhiteFideId "21847843"]
[WhiteEloChange "-10"]
[BlackElo "1089"]
[BlackCountry "POL"]
[BlackFideId "21846413"]
[BlackEloChange "10"]

1. d4 {[%clk 1:30:30]} Nf6 {[%clk 1:30:30]} 2. c4 {[%clk 1:30:30]} g6 {[%clk
1:30:30]} 3. Nc3 {[%clk 1:30:30]} Bg7 {[%clk 1:30:30]} 4. e4 {[%clk 1:30:30]} O-O
{[%clk 1:30:30]} 5. f3 {[%clk 1:30:30]} d6 {[%clk 1:30:30]} 6. Be3 {[%clk
1:30:30]} Nbd7 {[%clk 1:30:30]} 7. Bd3 {[%clk 1:30:30]} c5 {[%clk 1:30:30]} 8. d5
{[%clk 1:30:30]} Ne5 {[%clk 1:30:30]} 9. Nge2 {[%clk 1:30:30]} e6 {[%clk
1:30:30]} 10. Qd2 {[%clk 1:30:30]} exd5 {[%clk 1:30:30]} 11. cxd5 {[%clk
1:30:30]} Bh3 {[%clk 1:30:30]} 12. Kf2 {[%clk 1:30:30]} Bd7 {[%clk 1:30:30]} 13.
g4 {[%clk 1:30:30]} Nfxg4+ {[%clk 1:30:30]} 14. fxg4 {[%clk 1:30:30]} Nxg4+
{[%clk 1:30:30]} 15. Kg2 {[%clk 1:30:30]} Nxe3+ {[%clk 1:30:30]} 16. Qxe3 {[%clk
1:30:30]} Bd4 {[%clk 1:30:30]} 17. Qf3 {[%clk 1:30:30]} Be5 {[%clk 1:30:30]} 18.
Ng3 {[%clk 1:30:30]} a6 {[%clk 1:30:30]} 19. a4 {[%clk 1:30:30]} Qb6 {[%clk
1:30:30]} 20. Qf2 {[%clk 1:30:30]} Qb4 {[%clk 1:30:30]} 21. Qc2 {[%clk 1:30:30]}
c4 {[%clk 1:30:30]} 22. Be2 {[%clk 1:30:30]} Rfc8 {[%clk 1:30:30]} 23. Rhb1
{[%clk 1:30:30]} Qc5 {[%clk 1:30:30]} 24. Qd2 {[%clk 1:30:30]} b5 {[%clk
1:30:30]} 25. axb5 {[%clk 1:30:30]} axb5 {[%clk 1:30:30]} 26. Rxa8 {[%clk
1:30:30]} Rxa8 {[%clk 1:30:30]} 27. Qc1 {[%clk 1:30:30]} b4 {[%clk 1:30:30]} 28.
Nd1 {[%clk 1:30:30]} Rc8 {[%clk 1:30:30]} 29. b3 {[%clk 1:30:30]} c3 {[%clk
1:30:30]} 30. Qc2 {[%clk 1:30:30]} Ra8 {[%clk 1:30:30]} 31. Bc4 {[%clk 1:30:30]}
Ra5 {[%clk 1:30:30]} 32. Nf1 {[%clk 1:30:30]} Qa7 {[%clk 1:30:30]} 33. Nfe3
{[%clk 1:30:30]} Ra2 {[%clk 1:30:30]} 34. Nb2 {[%clk 1:30:30]} Qxe3 {[%clk
1:30:30]} 35. Qd3 {[%clk 1:30:30]} Qxd3 {[%clk 1:30:30]} 36. Bxd3 {[%clk
1:30:30]} cxb2 {[%clk 1:30:30]} 0-1

[Event "Irena Warakomska Memorial B"]
[Site "Suwalki"]
[Date "2020.08.08"]
[Round "4"]
[White "Kaznowska, Kinga"]
[Black "Pietryk, Hanna"]
[Result "1-0"]
[Board "34"]
[WhiteElo "1007"]
[WhiteCountry "POL"]
[WhiteFideId "21816638"]
[WhiteEloChange "14"]
[BlackElo "1161"]
[BlackCountry "POL"]
[BlackFideId "21003505"]
[BlackEloChange "-14"]

1. e4 {[%clk 1:30:30]} e5 {[%clk 1:30:30]} 2. Nf3 {[%clk 1:30:30]} Nc6 {[%clk
1:30:30]} 3. Bb5 {[%clk 1:30:30]} Nge7 {[%clk 1:30:30]} 4. Bxc6 {[%clk 1:30:30]}
bxc6 {[%clk 1:30:30]} 5. Nxe5 {[%clk 1:30:30]} d6 {[%clk 1:30:30]} 6. Nf3 {[%clk
1:30:30]} g6 {[%clk 1:30:30]} 7. Nc3 {[%clk 1:30:30]} Bg7 {[%clk 1:30:30]} 8. d4
{[%clk 1:30:30]} Bg4 {[%clk 1:30:30]} 9. Be3 {[%clk 1:30:30]} O-O {[%clk
1:30:30]} 10. h3 {[%clk 1:30:30]} Bc8 {[%clk 1:30:30]} 11. e5 {[%clk 1:30:30]}
dxe5 {[%clk 1:30:30]} 12. dxe5 {[%clk 1:30:30]} Bf5 {[%clk 1:30:30]} 13. Qxd8
{[%clk 1:30:30]} Raxd8 {[%clk 1:30:30]} 14. Bf4 {[%clk 1:30:30]} Be6 {[%clk
1:30:30]} 15. O-O {[%clk 1:30:30]} Nd5 {[%clk 1:30:30]} 16. Nxd5 {[%clk 1:30:30]}
Rxd5 {[%clk 1:30:30]} 17. Bg3 {[%clk 1:30:30]} Rb8 {[%clk 1:30:30]} 18. b3 {[%clk
1:30:30]} Rd7 {[%clk 1:30:30]} 19. Rad1 {[%clk 1:30:30]} Rbd8 {[%clk 1:30:30]}
20. Rxd7 {[%clk 1:30:30]} Rxd7 {[%clk 1:30:30]} 21. Rd1 {[%clk 1:30:30]} Re7
{[%clk 1:30:30]} 22. Rd8+ {[%clk 1:30:30]} Bf8 {[%clk 1:30:30]} 23. Bh4 {[%clk
1:30:30]} Rd7 {[%clk 1:30:30]} 24. Rxd7 {[%clk 1:30:30]} Bxd7 {[%clk 1:30:30]}
25. Bd8 {[%clk 1:30:30]} Bf5 {[%clk 1:30:30]} 26. Bxc7 {[%clk 1:30:30]} Bxc2
{[%clk 1:30:30]} 27. Kf1 {[%clk 1:30:30]} Bb4 {[%clk 1:30:30]} 28. e6 {[%clk
1:30:30]} fxe6 {[%clk 1:30:30]} 29. Be5 {[%clk 1:30:30]} Kf7 {[%clk 1:30:30]} 30.
Ke2 {[%clk 1:30:30]} g5 {[%clk 1:30:30]} 1-0